All Beabadoobee Songs - Statistics

General Stats
  • This quiz has been taken 74 times
  • The average score is 44 of 86
Answer Stats
Album Answer % Correct
This Is How Tomorrow Moves Beaches
87%
This Is How Tomorrow Moves Take A Bite
83%
Loveworm Apple Cider
78%
Single Glue Song
78%
This Is How Tomorrow Moves Real Man
78%
Fake It Flowers Care
76%
Our Extended Play Cologne
76%
Beatopia 10:36
74%
Collab A Night To Remember
74%
This Is How Tomorrow Moves California
74%
Beatopia the perfect pair
74%
Single Coffee
72%
This Is How Tomorrow Moves Ever Seen
70%
Beatopia Ripples
70%
Space Cadet She Plays Bass
70%
Beatopia Talk
70%
Beatopia tinkerbell is overrrated
70%
Patched Up Tired
70%
This Is How Tomorrow Moves Girl Song
67%
Single the way things go
67%
Beatopia Lovesong
65%
Beatopia See you Soon
65%
Loveworm 1999
63%
Beatopia Beatopia Cultsong
63%
Our Extended Play He Gets Me So High
63%
This Is How Tomorrow Moves This Is How It Went
63%
Our Extended Play Animal Noises
61%
This Is How Tomorrow Moves Coming Home
61%
Beatopia fairy song
61%
Patched Up If You Want To
61%
Our Extended Play Last Day On Earth
61%
Fake It Flowers Sorry
61%
Beatopia Sunny day
61%
Space Cadet I Wish I Was Stephen Malkmus
59%
This Is How Tomorrow Moves One Time
59%
Loveworm Soren
59%
Space Cadet Space Cadet
59%
Beatopia broken cd
57%
Fake It Flowers Dye It Red
57%
Patched Up Everest
57%
Fake It Flowers Horen Sarrison
57%
Fake It Flowers Worth It
57%
Patched Up Art Class
54%
This Is How Tomorrow Moves Post
54%
This Is How Tomorrow Moves Tie My Shoes
54%
Fake It Flowers Together
54%
Lice Bobby
50%
Fake It Flowers Charlie Brown
50%
Patched Up Dance with Me
50%
This Is How Tomorrow Moves The Man Who Left Too Soon
48%
Beatopia You're here that's the thing
48%
Loveworm Angel
46%
Loveworm Ceilings
46%
Beatopia Pictures of Us
46%
Lice Angry Song
43%
Fake It Flowers Back To Mars
43%
Beatopia Don't get the deal
43%
Fake It Flowers Emo Song
43%
This Is How Tomorrow Moves Everything I Want
43%
Fake It Flowers How Was Your Day?
43%
Single The Moon Song
43%
This Is How Tomorrow Moves A Cruel Affair
41%
Collab death bed (coffee for your head)
41%
Loveworm Disappear
41%
Space Cadet Sun More Often
41%
Single You Lie All the Time
41%
Loveworm You Lie All The Time
41%
Fake It Flowers Further Away
39%
Lice Spacing Out
39%
Single Susie May
39%
Fake It Flowers Yoshimi,Forest,Magdalene
39%
Patched Up Eighteen
35%
Lice Home Alone
35%
Patched Up The Way I Spoke
30%
Space Cadet Are You Sure
28%
Single Sway (triple j Like A Version)
28%
Collab fall in love with a girl
24%
Collab iScream
22%
Collab Silver Into Rain
22%
Single It's Only A Paper Moon
20%
Single Between the Bars
15%
Collab CYBERKISS 2 U*
15%
Single Winter Wonderland
15%
Collab Hurry Home
11%
Single Don't You (Forget About Me)
7%
Collab Fear Of Flying
7%
No matching quizzes found
Score Distribution
Percent of People with Each Score
Percentile by Number Answered
Your Score History
You have not taken this quiz